000 00700nam a2200205Ia 4500
003 OSt
005 20260608100656.0
008 210210b2001 xxu||||| |||| 00| 0 eng d
040 _cAL
041 _aKannada
082 _a398.2K SHEN
100 _aSHEKHAR (M S), Ed.
_dಶೇಖರ್ (ಎಂ. ಎಸ್.)
_9265483
245 _aNamma muslim hinneleya janapada kathegalu.
_bನಮ್ಮ ಮುಸ್ಲಿಂ ಹಿನ್ನೆಲೆಯ ಜಾನಪದ ಕಥೆಗಳು.
260 _aBengaluru.
_bKarnataka Janapada mattu Yakshagana Akademi.,
_c2001
300 _axlvi,227
650 _aMuslim Janapada Kathegalu
_9265484
690 _aFolklore
_9265485
906 _a057774
942 _2ddc
_cBK
999 _c105167
_d105167